[Event "World Rapid Final"]
[Site "Astana KAZ"]
[Date "2012.07.06"]
[Round "3"]
[White "Topalov, Veselin"]
[Black "Dreev, Aleksey"]
[Result "1/2-1/2"]
[WhiteTitle "GM"]
[BlackTitle "GM"]
[WhiteElo "2752"]
[BlackElo "2677"]
[WhiteFideId "2900084"]
[BlackFideId "4100107"]
[EventDate "2012.07.01"]

1. e4 c6 2. d4 d5 3. e5 Bf5 4. Nf3 e6 5. Be2 Ne7 6. O-O h6 7. Nbd2 Bg6 8. Nb3
Nd7 9. c3 Nf5 10. Bd2 Rc8 11. g4 Nh4 12. Nxh4 Qxh4 13. f4 Be4 14. Be1 Qh3 15.
Rf2 h5 16. Nd2 Bd3 17. Bxd3 Qxd3 18. f5 Be7 19. Rf3 Qa6 20. fxe6 fxe6 21. Nb3
hxg4 22. Rf1 Rxh2 23. Bf2 Rh5 24. Kg2 Kd8 25. Bg3 Rf5 26. Qxg4 Rg5 27. Qxe6 Qe2+
28. Rf2 Qe4+ 29. Rf3 Qe2+ 30. Rf2 Qe4+ 31. Rf3 Qe2+ 1/2-1/2

[Event "World Rapid Final"]
[Site "Astana KAZ"]
[Date "2012.07.06"]
[Round "3"]
[White "Morozevich, Alexander"]
[Black "Bologan, Viktor"]
[Result "1-0"]
[WhiteTitle "GM"]
[BlackTitle "GM"]
[WhiteElo "2770"]
[BlackElo "2732"]
[WhiteFideId "4116992"]
[BlackFideId "13900048"]
[EventDate "2012.07.01"]

1. e4 c6 2. d4 d5 3. e5 Bf5 4. h4 h6 5. g4 Bd7 6. Be3 e6 7. Nc3 h5 8. gxh5 Nh6
9. Bh3 c5 10. dxc5 Bc6 11. Qd4 Nd7 12. b4 b6 13. cxb6 Nxb6 14. Bg5 Qc7 15. Nf3
Nc4 16. a3 a5 17. O-O axb4 18. axb4 Bxb4 19. Nb5 Qd7 20. c3 Be7 21. Nd6+ Bxd6
22. exd6 O-O 23. Kh1 Kh7 24. Rxa8 Rxa8 25. Rg1 Rg8 26. Bf4 Nxd6 27. Ng5+ Kh8 28.
Nxe6 fxe6 29. Bxh6 Qf7 30. Rg6 e5 31. Qxe5 d4+ 32. Kg1 Ra8 33. Bxg7+ Kg8 1-0

[Event "World Rapid Final"]
[Site "Astana KAZ"]
[Date "2012.07.06"]
[Round "4"]
[White "Carlsen, Magnus"]
[Black "Bologan, Viktor"]
[Result "1-0"]
[WhiteTitle "GM"]
[BlackTitle "GM"]
[WhiteElo "2837"]
[BlackElo "2732"]
[WhiteFideId "1503014"]
[BlackFideId "13900048"]
[EventDate "2012.07.01"]

1. c4 c6 2. d4 d5 3. Nf3 Nf6 4. e3 Bf5 5. Nc3 a6 6. Be2 h6 7. Qb3 Ra7 8. cxd5
cxd5 9. Bd2 e6 10. Ne5 Bd6 11. Qa4+ Nc6 12. Nxc6 bxc6 13. Qxc6+ Qd7 14. Qxd7+
Kxd7 15. Na4 Rb8 16. Ba5 Bb4+ 17. Bxb4 Rxb4 18. b3 Kd6 19. Rc1 e5 20. dxe5+ Kxe5
21. f3 Kd6 22. Kf2 Bd7 23. Nc5 a5 24. Rhd1 Ke7 25. Rd4 Rxd4 26. exd4 Kd6 27. Na6
Ng8 28. Rc5 a4 29. b4 Ne7 30. b5 Nc8 31. Nb8 Nb6 32. Nxd7 Kxd7 33. Rc6 Rb7 34.
Ke3 Na8 35. Kd2 Nc7 36. Rc5 Kd6 37. Kc3 Rb6 38. Bd3 a3 39. g3 g5 40. Bf1 f5 41.
Bd3 f4 42. g4 Kd7 43. Bf5+ Kd6 44. Kb4 Na6+ 45. Ka5 Nxc5 46. Kxb6 Nb3 47. Ka7
Nxd4 48. b6 Nc6+ 49. Ka8 d4 50. b7 Kc7 51. Bd3 Nb8 52. Bb5 d3 53. Bxd3 Nd7 54.
Ka7 1-0

[Event "World Rapid Final"]
[Site "Astana KAZ"]
[Date "2012.07.06"]
[Round "4"]
[White "Mamedyarov, Shakhriyar"]
[Black "Topalov, Veselin"]
[Result "0-1"]
[WhiteTitle "GM"]
[BlackTitle "GM"]
[WhiteElo "2726"]
[BlackElo "2752"]
[WhiteFideId "13401319"]
[BlackFideId "2900084"]
[EventDate "2012.07.01"]

1. d4 Nf6 2. c4 g6 3. Nc3 d5 4. Bg5 Ne4 5. Bh4 Nxc3 6. bxc3 dxc4 7. e3 Be6 8.
Nf3 Nd7 9. d5 Bg4 10. Qd4 Bxf3 11. gxf3 Rg8 12. Qxc4 Bg7 13. Rd1 Kf8 14. Bg3 Ne5
15. Qe4 f5 16. Qf4 c6 17. Bc4 Nxc4 18. Qxc4 Qa5 19. O-O Qxc3 20. Qa4 cxd5 21.
Rxd5 Bf6 22. Rb1 Qc6 23. Qb3 b6 24. e4 Qe6 25. Rbd1 Kf7 26. exf5 gxf5 27. Kg2
Kg7 28. Qb1 Rac8 29. Rxf5 Kh8 30. Rh5 Qf7 31. Rhd5 Rc5 32. Qe4 Qg6 33. Qe6 Rc2
34. a4 h6 35. Kh1 Rxf2 36. Rg1 Rxf3 37. Qe2 Rf5 38. Rd7 Kh7 39. Rxa7 Rg7 40. Rc7
h5 41. Rc4 Rg5 42. Rf1 Rg4 43. Rxg4 Qxg4 44. Qxg4 Rxg4 45. Rb1 Rxa4 46. Rxb6 h4
47. Bf2 Ra2 48. Bc5 Rc2 49. Be3 Kg6 50. Rb3 Kf5 51. Bg1 e5 52. h3 e4 53. Rb5+
Kg6 54. Rb6 Kf5 55. Rb5+ Kf4 56. Rb3 Bc3 57. Bh2+ Ke3 58. Rb8 Rc1+ 59. Kg2 Rc2+
60. Kh1 Rxh2+ 0-1

[Event "World Rapid Final"]
[Site "Astana KAZ"]
[Date "2012.07.06"]
[Round "4"]
[White "Karjakin, Sergey"]
[Black "Grischuk, Alexander"]
[Result "1-0"]
[WhiteTitle "GM"]
[BlackTitle "GM"]
[WhiteElo "2779"]
[BlackElo "2763"]
[WhiteFideId "14109603"]
[BlackFideId "4126025"]
[EventDate "2012.07.01"]

1. e4 c6 2. d4 d5 3. e5 Bf5 4. Nf3 e6 5. Be2 Ne7 6. O-O h6 7. Nbd2 Nd7 8. Nb3
Bg6 9. a4 Nf5 10. a5 Rc8 11. c4 Be7 12. cxd5 cxd5 13. Bd3 O-O 14. g4 Nh4 15.
Nxh4 Bxd3 16. Qxd3 Bxh4 17. Bd2 f5 18. h3 Qe7 19. f4 a6 20. Kh2 Qf7 21. Rf3 Rc4
22. Rg1 Rfc8 23. Bc3 Kh8 24. Nd2 R4c6 25. Nf1 g6 26. Ne3 Nf8 27. Ng2 Be7 28. Rg3
b5 29. axb6 Rxb6 30. gxf5 exf5 31. Ne3 Rb5 32. Nxf5 gxf5 33. Qxf5 1-0

[Event "World Rapid Final"]
[Site "Astana KAZ"]
[Date "2012.07.06"]
[Round "4"]
[White "Radjabov, Teimour"]
[Black "Tkachiev, Vladislav"]
[Result "1/2-1/2"]
[WhiteTitle "GM"]
[BlackTitle "GM"]
[WhiteElo "2788"]
[BlackElo "2644"]
[WhiteFideId "13400924"]
[BlackFideId "618438"]
[EventDate "2012.07.01"]

1. d4 d5 2. c4 c6 3. Nf3 Nf6 4. e3 a6 5. Bd3 Bg4 6. Nbd2 Nbd7 7. h3 Bh5 8. b3 e6
9. O-O Qa5 10. Qc2 Ba3 11. Nh4 O-O 12. Rb1 Bxc1 13. Rfxc1 Rfe8 14. f4 Qd8 15.
Nhf3 Bxf3 16. Nxf3 c5 17. cxd5 exd5 18. Ne5 cxd4 19. exd4 Qb6 20. Qf2 Nf8 21. f5
Rac8 22. Re1 h6 23. Rbd1 N8h7 24. h4 h5 25. Bb1 Re7 26. Re2 Rce8 27. Rde1 Qa5
28. Bd3 Qc3 29. g3 Kf8 30. Kg2 Kg8 31. Rc2 Qb4 32. Rce2 Qc3 33. Rc2 Qb4 34. Rce2
Qc3 1/2-1/2

[Event "World Rapid Final"]
[Site "Astana KAZ"]
[Date "2012.07.06"]
[Round "4"]
[White "Kazhgaleyev, Murtas"]
[Black "Gelfand, Boris"]
[Result "1/2-1/2"]
[WhiteTitle "GM"]
[BlackTitle "GM"]
[WhiteElo "2589"]
[BlackElo "2738"]
[WhiteFideId "13700316"]
[BlackFideId "2805677"]
[EventDate "2012.07.01"]

1. d4 Nf6 2. c4 e6 3. Nc3 Bb4 4. Nf3 b6 5. Bg5 h6 6. Bh4 g5 7. Bg3 Ne4 8. Qc2
Bxc3+ 9. bxc3 Bb7 10. e3 d6 11. Nd2 Nxg3 12. hxg3 Nd7 13. Rh2 h5 14. Be2 h4 15.
Bf3 c6 16. O-O-O Qe7 17. Qa4 d5 18. Kb1 Kf8 19. gxh4 Rxh4 20. Rxh4 gxh4 21. e4
b5 22. cxb5 cxb5 23. Qxb5 Rb8 24. Ka1 dxe4 25. Qh5 Qa3 26. Nb1 Qa4 27. Qh6+ Ke7
28. Qxh4+ Nf6 29. Qf4 exf3 30. Qxb8 Bd5 31. Rd2 fxg2 32. Qc7+ Qd7 33. Qg3 Qd6
34. f4 Nh5 35. Qg5+ f6 36. Qg4 Nxf4 37. Qg7+ Ke8 38. Rb2 Qe7 39. Qg3 Kd7 40. c4
Bc6 41. Rd2 Nh5 42. Qg6 Qg7 43. Rxg2 Bxg2 44. Qxh5 f5 45. Qh4 e5 46. Qf2 exd4
47. Qxf5+ Kc7 48. Nd2 Bc6 49. Kb2 Qg3 50. Qa5+ Kb7 51. Qb4+ Kc7 52. Qa5+ Kb7 53.
Qb4+ Kc7 54. Nb3 Qe5 55. Qd2 d3+ 56. Qc3 Qe2+ 57. Ka3 Qe3 58. Kb2 Qf2+ 59. Qd2
Qf6+ 60. Qc3 Qf2+ 61. Qd2 Qf6+ 1/2-1/2

[Event "World Rapid Final"]
[Site "Astana KAZ"]
[Date "2012.07.06"]
[Round "4"]
[White "Svidler, Peter"]
[Black "Kurnosov, Igor"]
[Result "1/2-1/2"]
[WhiteTitle "GM"]
[BlackTitle "GM"]
[WhiteElo "2749"]
[BlackElo "2663"]
[WhiteFideId "4102142"]
[BlackFideId "4142527"]
[EventDate "2012.07.01"]

1. Nf3 c5 2. e4 e6 3. d4 cxd4 4. Nxd4 Nf6 5. Nc3 d6 6. g4 e5 7. Nf5 h5 8. g5
Nxe4 9. Nxg7+ Bxg7 10. Nxe4 d5 11. Ng3 Bg4 12. Be2 Nc6 13. Nxh5 Bxh5 14. Bxh5 e4
15. h4 d4 16. Qe2 Kf8 17. Bg4 Qd5 18. Rh3 d3 19. cxd3 Nd4 20. Qd1 exd3 21. Kf1
Nc2 22. Rb1 Re8 23. Bd2 Qxa2 24. h5 Bxb2 25. Rxd3 Qc4 26. Be2 Rxh5 27. Kg1 Be5
28. Bxh5 Qxd3 29. Rxb7 Re7 30. Qg4 Qxd2 31. Qc8+ Kg7 32. Rxe7 Qe1+ 33. Kg2 Qe4+
34. Kg1 Qe1+ 35. Kg2 Qe4+ 36. Kg1 Qe1+ 1/2-1/2

[Event "World Rapid Final"]
[Site "Astana KAZ"]
[Date "2012.07.06"]
[Round "5"]
[White "Kurnosov, Igor"]
[Black "Carlsen, Magnus"]
[Result "0-1"]
[WhiteTitle "GM"]
[BlackTitle "GM"]
[WhiteElo "2663"]
[BlackElo "2837"]
[WhiteFideId "4142527"]
[BlackFideId "1503014"]
[EventDate "2012.07.01"]

1. e4 e5 2. Nf3 Nc6 3. Bb5 Nf6 4. O-O Nxe4 5. Re1 Nd6 6. Nxe5 Be7 7. Bf1 Nf5 8.
Nf3 O-O 9. d4 d5 10. g3 Re8 11. Nc3 Be6 12. Ne2 Bf8 13. Nf4 Bd7 14. Rxe8 Bxe8
15. Bh3 Nce7 16. Qd3 g6 17. Bd2 c6 18. Re1 Bd7 19. Ne5 Bc8 20. Bb4 Nd6 21. Qf3
Bxh3 22. Nxh3 Nef5 23. c3 a5 24. Bxd6 Nxd6 25. Qf4 Bg7 26. Ng5 Qf6 27. Qxf6 Bxf6
28. h4 a4 29. Nd7 Bd8 30. a3 Kg7 31. Re2 h6 32. Nf3 h5 33. Kg2 f6 34. Nc5 Kf7
35. Ne6 Ba5 36. Nf4 Bc7 37. Nd2 Ra5 38. Nd3 Rb5 39. Nb4 Bd8 40. Kf1 Be7 41. Ke1
Bf8 42. Kd1 Bh6 43. Kc2 Ra5 44. Nd3 Ra8 45. Nc5 b6 46. Nd3 Rc8 47. Nb4 Bxd2 48.
Kxd2 g5 49. hxg5 fxg5 50. Ke1 Nc4 51. Kf1 b5 52. Kg2 g4 53. f3 Re8 54. Rf2 gxf3+
55. Rxf3+ Kg7 56. Nxc6 Re2+ 57. Rf2 Rxb2 58. Rxb2 Nxb2 59. Na7 Kf6 60. Nxb5 Ke6
61. Kf3 Nc4 62. Ke2 Kd7 63. Kd3 Kc6 64. Na7+ Kb7 0-1

[Event "World Rapid Final"]
[Site "Astana KAZ"]
[Date "2012.07.06"]
[Round "5"]
[White "Gelfand, Boris"]
[Black "Svidler, Peter"]
[Result "1/2-1/2"]
[WhiteTitle "GM"]
[BlackTitle "GM"]
[WhiteElo "2738"]
[BlackElo "2749"]
[WhiteFideId "2805677"]
[BlackFideId "4102142"]
[EventDate "2012.07.01"]

1. Nf3 g6 2. e4 d6 3. c4 Bg7 4. d4 Nc6 5. d5 Ne5 6. Nxe5 Bxe5 7. Bd3 Bg7 8. O-O
Nf6 9. Nc3 O-O 10. h3 e6 11. Bg5 exd5 12. cxd5 h6 13. Be3 c6 14. dxc6 bxc6 15.
Qd2 Kh7 16. Rfd1 Qe7 17. Rac1 Rd8 18. f4 Bb7 19. Qf2 a5 20. Re1 Kg8 21. Bb1 Re8
22. Rcd1 Qc7 23. Bb6 Qb8 24. e5 dxe5 25. fxe5 Nd5 26. Rf1 Rf8 27. Bc5 Qxe5 28.
Rde1 Qb8 29. Nxd5 cxd5 30. Re7 Ba6 31. Rxf7 Bxf1 32. Bxf8 Bxf8 33. Bxg6 Qe5 34.
Rh7 Bc5 35. Qxc5 Qg5 36. Kxf1 Qxg6 37. Qxd5+ Kxh7 38. Qb7+ Qg7 39. Qxa8 Qf6+ 40.
Kg1 Qd4+ 41. Kh1 Qxb2 42. Qxa5 Qc1+ 43. Kh2 Qf4+ 44. Kg1 Qe3+ 45. Kf1 Qf4+ 46.
Ke2 Qe4+ 47. Kd1 Qxg2 48. Qc7+ Kg8 49. Qc4+ Kf8 50. Qf4+ Ke7 51. Qe3+ Kf7 52. a3
h5 53. Ke1 Kg6 54. Qe6+ Kg7 55. Qe7+ Kg6 56. Qe6+ Kg7 57. a4 Qb2 58. Qd7+ Kg6
59. Kf1 Qc3 60. Kg2 Kg5 61. Qd5+ Kf4 62. Qf7+ Kg5 63. Qd5+ Kf4 64. Qf7+ Kg5 65.
Qe7+ Kf5 66. Qf8+ Kg5 67. Qg8+ Kf4 68. Qb8+ Ke4 69. Qg3 Qb2+ 70. Qf2 Qg7+ 71.
Kf1 Kd5 72. Qf5+ Kc6 73. Qxh5 Qa1+ 74. Kg2 Kb6 75. Qb5+ Ka7 76. h4 Qg7+ 77. Kh3
Qc3+ 78. Kg4 Qd4+ 79. Kh5 Qh8+ 80. Kg5 Qd8+ 81. Kg4 Qd4+ 82. Kh3 Qe3+ 83. Kg2
Qe4+ 84. Kg3 Qe3+ 85. Kg4 Qd4+ 1/2-1/2

[Event "World Rapid Final"]
[Site "Astana KAZ"]
[Date "2012.07.06"]
[Round "5"]
[White "Tkachiev, Vladislav"]
[Black "Kazhgaleyev, Murtas"]
[Result "1/2-1/2"]
[WhiteTitle "GM"]
[BlackTitle "GM"]
[WhiteElo "2644"]
[BlackElo "2589"]
[WhiteFideId "618438"]
[BlackFideId "13700316"]
[EventDate "2012.07.01"]

1. e4 e5 2. Nf3 Nc6 3. Bb5 a6 4. Ba4 Nf6 5. O-O b5 6. Bb3 Bc5 7. c3 d6 8. a4 Rb8
9. d4 Bb6 10. axb5 axb5 11. Na3 O-O 12. Nxb5 Bg4 13. Bc2 exd4 14. Nbxd4 Nxd4 15.
cxd4 Bxf3 16. gxf3 Nh5 17. Kh1 Qf6 18. Ra4 Ra8 19. Be3 Rxa4 20. Bxa4 Ra8 21. Bb3
Ra1 22. Qxa1 Qxf3+ 23. Kg1 Qg4+ 24. Kh1 Qf3+ 25. Kg1 Qg4+ 26. Kh1 1/2-1/2

[Event "World Rapid Final"]
[Site "Astana KAZ"]
[Date "2012.07.06"]
[Round "5"]
[White "Ismagambetov, Anuar"]
[Black "Radjabov, Teimour"]
[Result "0-1"]
[WhiteTitle "GM"]
[BlackTitle "GM"]
[WhiteElo "2471"]
[BlackElo "2788"]
[WhiteFideId "13701525"]
[BlackFideId "13400924"]
[EventDate "2012.07.01"]

1. d4 Nf6 2. c4 g6 3. g3 Bg7 4. Bg2 O-O 5. Nc3 d6 6. Nf3 Nbd7 7. O-O e5 8. e4
exd4 9. Nxd4 Re8 10. Re1 Nc5 11. h3 Bd7 12. Bf4 h6 13. Kh2 a5 14. Ndb5 Bc6 15.
Qc2 h5 16. Rad1 Nfd7 17. Nd4 Bxd4 18. Rxd4 Ne6 19. Rd3 Ndc5 20. Rde3 g5 21. Nd5
gxf4 22. gxf4 Bxd5 23. Rg3+ Kf8 24. exd5 Nxf4 25. Rxe8+ Qxe8 26. Qh7 Ng6 27. Re3
Qd8 28. Rf3 Ne5 29. Rg3 Ke7 30. f4 Qh8 31. Qxh8 Rxh8 32. fxe5 dxe5 33. Rg5 Kf6
34. h4 e4 35. Bf1 e3 36. Be2 Ne4 37. Rxh5 Rg8 38. Bd3 Rg4 39. Rh8 Ke5 40. h5 Kd4
41. Be2 Rf4 42. Rg8 f5 43. Kg1 Nf2 44. Rg2 Ng4 45. Rg3 b6 46. Rg2 Re4 47. Kf1
Ke5 48. Bxg4 fxg4 49. h6 Rxc4 50. h7 Rc1+ 51. Ke2 Rh1 52. Rxg4 Rxh7 53. Kxe3 Rh2
54. a4 Rxb2 55. Rg7 Kd6 56. Rg5 Rb4 0-1

[Event "World Rapid Final"]
[Site "Astana KAZ"]
[Date "2012.07.06"]
[Round "5"]
[White "Grischuk, Alexander"]
[Black "Ivanchuk, Vassily"]
[Result "1/2-1/2"]
[WhiteTitle "GM"]
[BlackTitle "GM"]
[WhiteElo "2763"]
[BlackElo "2769"]
[WhiteFideId "4126025"]
[BlackFideId "14100010"]
[EventDate "2012.07.01"]

1. e4 e5 2. Nf3 Nc6 3. Bb5 a6 4. Ba4 Nf6 5. O-O Be7 6. Re1 b5 7. Bb3 d6 8. c3
O-O 9. h3 Nb8 10. d4 Nbd7 11. Nbd2 c5 12. Nf1 Re8 13. Ng3 Bf8 14. Bc2 cxd4 15.
cxd4 exd4 16. Nxd4 d5 17. exd5 Rxe1+ 18. Qxe1 Bb7 19. Ngf5 Bxd5 20. Be3 Rc8 21.
Rd1 Qe8 22. Bb1 Be4 23. Bf4 Bxb1 24. Rxb1 Nc5 25. Bd6 Qxe1+ 26. Rxe1 Nd3 27. Re2
Rc1+ 28. Kh2 g6 29. Bxf8 Kxf8 30. Ne3 Ne4 31. f3 Nf4 32. Rc2 Rxc2 33. Nexc2 Nc5
34. Kg3 Nfd3 35. b4 Na4 36. f4 Ke7 37. Kf3 Kd6 38. Ke4 Nc1 39. a3 Na2 40. Nf3
N2c3+ 41. Kd4 f6 42. Nd2 h5 43. Nf3 Ke6 44. g4 hxg4 45. hxg4 Ne2+ 46. Ke3 Nec3
47. Kd4 Ne2+ 48. Ke3 Nec3 49. Kd4 1/2-1/2

[Event "World Rapid Final"]
[Site "Astana KAZ"]
[Date "2012.07.06"]
[Round "5"]
[White "Topalov, Veselin"]
[Black "Karjakin, Sergey"]
[Result "1/2-1/2"]
[WhiteTitle "GM"]
[BlackTitle "GM"]
[WhiteElo "2752"]
[BlackElo "2779"]
[WhiteFideId "2900084"]
[BlackFideId "14109603"]
[EventDate "2012.07.01"]

1. Nf3 Nf6 2. c4 b6 3. g3 c5 4. Bg2 Bb7 5. O-O g6 6. d4 cxd4 7. Qxd4 Bg7 8. Nc3
d6 9. Rd1 Nbd7 10. Be3 Rc8 11. Rac1 a6 12. b3 O-O 13. Qh4 Rc7 14. Bh3 Qb8 15.
Bh6 b5 16. Bxg7 Kxg7 17. cxb5 axb5 18. Bxd7 Rxd7 19. Qb4 Rc8 20. Nxb5 Rc5 21. a4
Ba6 22. Rxc5 dxc5 23. Qe1 Bxb5 24. axb5 Qxb5 25. Rxd7 Qxd7 26. b4 cxb4 27. Qxb4
Qd1+ 28. Qe1 Qxe1+ 1/2-1/2

[Event "World Rapid Final"]
[Site "Astana KAZ"]
[Date "2012.07.06"]
[Round "5"]
[White "Morozevich, Alexander"]
[Black "Mamedyarov, Shakhriyar"]
[Result "0-1"]
[WhiteTitle "GM"]
[BlackTitle "GM"]
[WhiteElo "2770"]
[BlackElo "2726"]
[WhiteFideId "4116992"]
[BlackFideId "13401319"]
[EventDate "2012.07.01"]

1. e4 e5 2. Nf3 d6 3. Nc3 Nf6 4. g3 c5 5. Bg2 h6 6. d3 Be6 7. Nd2 Nc6 8. Nd5 Be7
9. Nc4 O-O 10. Nce3 Nb4 11. Nxe7+ Qxe7 12. c3 Na6 13. O-O Rad8 14. f4 b5 15. f5
Bd7 16. g4 Nc7 17. h4 Nh7 18. Qe1 f6 19. b4 cxb4 20. cxb4 Bc6 21. Qc3 Ba8 22.
Bb2 d5 23. Rac1 Rf7 24. Qb3 Qd7 25. Rfd1 d4 26. Nf1 Kh8 27. Bh3 Rff8 28. Kh2 Rc8
29. Nd2 Rfd8 30. Qa3 Ne8 31. Nb3 Nf8 32. Nc5 Qe7 33. Qa5 Nd6 34. a4 Bc6 35. axb5
Bxb5 36. Ra1 a6 37. Qa2 Nb7 38. Ba3 Nxc5 39. bxc5 Rc6 40. Qd2 Nd7 41. Rg1 Nf8
42. g5 fxg5 43. hxg5 Nh7 44. g6 Nf6 45. Bf1 Nd7 46. Rg3 Nxc5 47. Rh3 Rdc8 48.
Qa2 Qg5 49. Bc1 Nxe4 50. Bxg5 Rc2+ 51. Bg2 Rxa2 52. Rxa2 Nxg5 53. Rg3 Rc3 54.
Rb2 Kg8 55. Bd5+ Kf8 56. Bc4 Bxc4 57. dxc4 d3 58. Rb7 d2 59. Rd7 Nf3+ 60. Rxf3
Rxf3 61. Rxd2 Rxf5 62. c5 Rf6 63. Rc2 Ke7 64. c6 Kd8 0-1

[Event "World Rapid Final"]
[Site "Astana KAZ"]
[Date "2012.07.06"]
[Round "5"]
[White "Bologan, Viktor"]
[Black "Dreev, Aleksey"]
[Result "1/2-1/2"]
[WhiteTitle "GM"]
[BlackTitle "GM"]
[WhiteElo "2732"]
[BlackElo "2677"]
[WhiteFideId "13900048"]
[BlackFideId "4100107"]
[EventDate "2012.07.01"]

1. e4 c6 2. d4 d5 3. e5 Bf5 4. Nf3 e6 5. Be2 Ne7 6. c3 h6 7. O-O Nd7 8. Na3 Bh7
9. b4 Nc8 10. Ne1 a5 11. b5 c5 12. Nac2 Ncb6 13. Bd3 Bxd3 14. Qxd3 cxd4 15. cxd4
Rc8 16. f4 g6 17. g4 f5 18. exf6 Qxf6 19. Nf3 h5 20. h3 hxg4 21. hxg4 Bd6 22.
Nce1 Kd8 23. Ng2 Rh3 24. Be3 Nc4 25. Rac1 Rg3 26. Qe2 Nxe3 27. Rxc8+ Kxc8 28.
Qxe3 Qxf4 29. Qxe6 Rxg2+ 30. Kxg2 Qg3+ 31. Kh1 Qh3+ 32. Kg1 Qg3+ 33. Kh1 Qh3+
34. Kg1 1/2-1/2

[Event "World Rapid Final"]
[Site "Astana KAZ"]
[Date "2012.07.07"]
[Round "6"]
[White "Carlsen, Magnus"]
[Black "Dreev, Aleksey"]
[Result "1/2-1/2"]
[WhiteTitle "GM"]
[BlackTitle "GM"]
[WhiteElo "2837"]
[BlackElo "2677"]
[WhiteFideId "1503014"]
[BlackFideId "4100107"]
[EventDate "2012.07.01"]

1. e4 c6 2. Nf3 d5 3. Nc3 Bg4 4. h3 Bxf3 5. Qxf3 e6 6. d4 dxe4 7. Qxe4 Nf6 8.
Qh4 Qa5 9. Bd3 Na6 10. O-O Nb4 11. Rd1 Be7 12. Bg5 O-O-O 13. a3 Nxd3 14. Rxd3 h6
15. Bd2 Qf5 16. Re1 Bd6 17. Ne4 Nxe4 18. Rxe4 Be7 19. Qg4 Qxg4 20. hxg4 Bf6 21.
b4 Rd7 22. f4 g6 23. c3 h5 24. g5 Bg7 25. Kf2 b6 26. Ke2 Rhd8 27. Ree3 Kb7 28.
Rh3 Bf8 29. Be1 a5 30. Bd2 axb4 31. axb4 Ra8 32. Rh1 Ra2 33. Ke3 Rd8 34. Ke4 Rb2
35. g3 Ra2 36. Be3 Ra3 37. Bf2 Ra2 38. Be3 Ra3 39. Rb1 Ra4 40. Rdd1 b5 41. Rh1
Ra2 42. g4 hxg4 43. Rh7 Rd7 44. Rh8 Bd6 45. Rg1 Ra3 46. Bd2 Ra2 47. Be3 Ra3 48.
Bd2 Ra2 1/2-1/2

[Event "World Rapid Final"]
[Site "Astana KAZ"]
[Date "2012.07.07"]
[Round "6"]
[White "Mamedyarov, Shakhriyar"]
[Black "Bologan, Viktor"]
[Result "1-0"]
[WhiteTitle "GM"]
[BlackTitle "GM"]
[WhiteElo "2726"]
[BlackElo "2732"]
[WhiteFideId "13401319"]
[BlackFideId "13900048"]
[EventDate "2012.07.01"]

1. d4 Nf6 2. c4 g6 3. Nc3 Bg7 4. e4 d6 5. Be2 O-O 6. Bg5 h6 7. Be3 Nbd7 8. Qd2
c5 9. Rd1 cxd4 10. Bxd4 b6 11. f3 Bb7 12. Nh3 Rc8 13. O-O Ne5 14. b3 g5 15. Nf2
Nh5 16. g3 Nf6 17. Kh1 Ng6 18. Be3 Qd7 19. a4 Rfd8 20. Nb5 Ba8 21. Kg1 e6 22.
Qxd6 Qe8 23. Qa3 g4 24. Nxa7 gxf3 25. Bxf3 Ne5 26. Bg2 Rxd1 27. Rxd1 Rd8 28. Qc1
Nfd7 29. Nb5 Nc5 30. Nc7 Qe7 31. Rxd8+ Qxd8 32. Nxa8 Qxa8 33. Bxh6 Nxb3 34. Qg5
Qf8 35. Bxg7 Qxg7 36. Qd8+ Qf8 37. Qxb6 Nc5 38. a5 Nxc4 39. Qb5 Ne3 40. a6 Qc8
41. a7 Na6 42. Qg5+ 1-0

[Event "World Rapid Final"]
[Site "Astana KAZ"]
[Date "2012.07.07"]
[Round "6"]
[White "Karjakin, Sergey"]
[Black "Morozevich, Alexander"]
[Result "1/2-1/2"]
[WhiteTitle "GM"]
[BlackTitle "GM"]
[WhiteElo "2779"]
[BlackElo "2770"]
[WhiteFideId "14109603"]
[BlackFideId "4116992"]
[EventDate "2012.07.01"]

1. e4 e6 2. d4 d5 3. Nd2 c5 4. exd5 Qxd5 5. Ngf3 cxd4 6. Bc4 Qd6 7. O-O Nf6 8.
Nb3 Nc6 9. Nbxd4 Nxd4 10. Nxd4 a6 11. Re1 Qc7 12. Bb3 Bd6 13. h3 O-O 14. c3 b6
15. Bg5 Bb7 16. Bxf6 gxf6 17. Bxe6 fxe6 18. Nxe6 Qe7 19. Nxf8 Qxf8 20. Qg4+ Kh8
21. Qd7 Bd5 22. Qf5 Rd8 23. Red1 Be5 24. Rd3 Qg8 25. g3 Re8 26. Qg4 Qf7 27. Rad1
Be6 28. Qh4 Qg6 29. b3 Kg7 30. c4 Qf5 31. Re3 h5 32. Qe4 Qxh3 33. Qb7+ Kg8 34.
Qxb6 h4 35. Rd8 Rxd8 36. Qxd8+ Kf7 37. Qh8 hxg3 38. Qxh3 Bxh3 39. Re4 Bf5 40.
Rh4 Ke6 41. fxg3 Bxg3 42. Rh8 Be4 43. Re8+ Kf5 44. c5 Be5 45. b4 Bc6 46. Rc8 Bb5
47. Ra8 Ke4 48. a4 Bxa4 49. Rxa6 Be8 50. c6 Kd5 51. b5 Kc5 52. Ra8 Bg6 53. Rf8
Kb6 54. Kf2 Bd3 55. Ke3 Bxb5 56. Ke4 Kxc6 57. Kf5 Bd3+ 58. Ke6 Bc4+ 59. Kf5 Kd7
60. Rxf6 Bxf6 61. Kxf6 1/2-1/2

[Event "World Rapid Final"]
[Site "Astana KAZ"]
[Date "2012.07.07"]
[Round "6"]
[White "Ivanchuk, Vassily"]
[Black "Topalov, Veselin"]
[Result "1/2-1/2"]
[WhiteTitle "GM"]
[BlackTitle "GM"]
[WhiteElo "2769"]
[BlackElo "2752"]
[WhiteFideId "14100010"]
[BlackFideId "2900084"]
[EventDate "2012.07.01"]

1. Nf3 d5 2. d4 Nf6 3. c4 c6 4. Nc3 e6 5. e3 Nbd7 6. Qc2 Bd6 7. b3 O-O 8. Be2 e5
9. cxd5 cxd5 10. Nb5 Bb4+ 11. Bd2 Bxd2+ 12. Nxd2 a6 13. dxe5 Nxe5 14. Nd4 Bg4
15. Bxg4 Nfxg4 16. O-O Rc8 17. Qd1 g6 18. Rc1 Qd6 19. N2f3 Nf6 20. Nxe5 Qxe5 21.
Qd2 Ne4 22. Qb4 Rc7 23. Nf3 Qe7 24. Qxe7 Rxe7 25. Rc2 Rd8 26. Rfc1 Kf8 27. h4
Ke8 28. Nd4 Nd6 29. Kf1 h5 30. Ke2 Red7 31. f3 Ke7 32. Kd3 Ne8 33. Rc8 Kd6 34.
b4 Ng7 35. b5 axb5 36. Nxb5+ Ke7 37. Rxd8 Kxd8 38. Nd4 Rc7 39. Rb1 Ke7 40. Rb5
Kd6 41. Rb6+ Ke7 42. g4 hxg4 43. fxg4 Ne6 44. h5 Nc5+ 45. Ke2 Na4 46. Rb3 gxh5
47. gxh5 Kf6 48. Kf3 Kg5 49. Ne2 Kxh5 50. Nf4+ Kh6 51. Nxd5 Rd7 52. Rb5 Kg7 53.
Ke4 b6 54. Ke5 Ra7 55. a3 Nc5 56. Nxb6 Rxa3 57. Rxc5 Rxe3+ 58. Kf4 Re6 59. Nd5
Ra6 60. Ne3 Kg6 61. Rc8 Ra4+ 62. Nc4 f6 63. Rc6 Rb4 64. Ke4 Rb5 65. Nd6 Re5+ 66.
Kd4 Re6 67. Ra6 Kh5 68. Ra5+ Kg6 69. Ne4 Rb6 70. Ra8 Re6 71. Rg8+ Kf7 72. Rg1
Ra6 73. Ke3 Re6 74. Kf4 Ra6 75. Rd1 Kg6 76. Rd4 Rb6 77. Ng3 Ra6 78. Nf5 Ra5 79.
Ne7+ Kf7 80. Nc6 Rc5 81. Rd6 Rc4+ 82. Kf5 Rc5+ 83. Ke4 Rh5 84. Rd7+ Ke6 85. Rg7
Rh4+ 86. Kd3 Kd5 87. Nd8 Rh3+ 88. Ke2 Ke4 89. Re7+ Kf5 90. Nb7 Ra3 91. Nd6+ Kg6
92. Nc4 Rb3 93. Re6 Kg5 94. Nd6 Kg6 95. Kf2 Ra3 96. Re8 Kg7 97. Nf5+ Kg6 98. Ne3
Ra4 99. Kf3 Rd4 100. Ng2 Ra4 101. Rb8 Ra5 102. Kg4 Rg5+ 103. Kh4 Rh5+ 104. Kg3
Rg5+ 105. Kh3 Ra5 106. Nf4+ Kf5 107. Rb4 Re5 108. Ng2 Ra5 109. Ne3+ Kg6 110. Kg4
Rg5+ 111. Kf4 Ra5 112. Rc4 Rb5 113. Rc6 Rb4+ 1/2-1/2